LEADER 01697nam1 2200325 i 450 001 SUN0059815 005 20110301115517.529 010 $a88-85026-54-0$bERR 100 $a20070615d1986 |0itac50 ba 101 $aita 102 $aIT 105 $a|||| ||||| 200 1 $aˆLa ‰prosa d'arte antica$edal 6. secolo a.C. all'età della Rinascenza$fEduard Norden$gedizione italiana a cura di Benedetta Heinemann Campana$gcon una nota di aggiornamento di Gualtiero Calboli e una premessa di Scevola Mariotti 210 $aRoma$cSalerno$d1986 215 $a2 v. (XII, 1206 p. compless.)$d24 cm. 410 1$1001SUN0059814$12001 $aˆLa ‰ricerca letteraria. Le letterature classiche$1210 $aRoma$cSalerno. 454 1$1001SUN0079750$12001 $aˆDie ‰antike Kunstprosa$913898 463 1$1001SUN0059833$12001 $aˆ<> 1$fEduard Norden$v1$1210 $aRoma$cSalerno$dstampa 1986$1215 $aXII, 660 p., 16 p. di tav.$cill.$d25 cm. 463 1$1001SUN0059835$12001 $aˆLa ‰prosa d'arte antica$edal 6. secolo a. C. all'età della Rinascenza. 2$fEduard Norden$v2$1210 $aRoma$cSalerno$dstampa 1986$1215 $aP. 663-1206, 16 p. di tav.$cill.$d25 cm. 606 $aProsa latina$2FI$3SUNC021002 606 $aProsa greca$2FI$3SUNC021003 620 $dRoma$3SUNL000360 676 $a888.008$v21 700 1$aNorden$b, Eduard$3SUNV010209$0153884 702 1$aHeinemann Campana$b, Benedetta$3SUNV047365 712 $aSalerno$3SUNV001204$4650 801 $aIT$bSOL$c20191202$gRICA 912 $aSUN0059815 996 $aAntike Kunstprosa : vom VI. Jahrhundert V. Chr. bis in die Zeit der Renaissance$913898 997 $aUNICAMPANIA LEADER 01490nam 2200325Ia 450 001 996385844903316 005 20221108043040.0 035 $a(CKB)4940000000079410 035 $a(EEBO)2240921784 035 $a(OCoLC)12891976 035 $a(EXLCZ)994940000000079410 100 $a19851211d1659 uy | 101 0 $aeng 135 $aurbn||||a|bb| 200 12$aA second, and a third letter from the Lord Lambert, dated at Chester, August 21, and read in Parliament, Tuesday Aug. 23$b[electronic resource] $ethe one directed to the Speaker of the Parliament, the other, to the Lo. President of the Council of State : together with a letter from Major Edm. Waring, Governor of Shrewsbury, of the same date : wherein is set forth the manner of the surrender of Chester, with the names of the principal persons taken prisoners, and the state of affairs concerning the issue of this rebellion 210 $aLondon $cPrinted by Tho. Newcomb ...$d1659 215 $a8 p 300 $aReproduction of original in Huntington Library. 330 $aeebo-0113 607 $aChester (England)$xHistory$vSources 700 $aLambert$b John$f1619-1683.$01005103 701 $aWaring$b Edmund$01015411 801 0$bEAA 801 1$bEAA 801 2$bm/c 801 2$bWaOLN 906 $aBOOK 912 $a996385844903316 996 $aA second, and a third letter from the Lord Lambert, dated at Chester, August 21, and read in Parliament, Tuesday Aug. 23$92371171 997 $aUNISA LEADER 03039nam 2200901z- 450 001 9910346851003321 005 20210211 035 $a(CKB)4920000000095157 035 $a(oapen)https://directory.doabooks.org/handle/20.500.12854/56412 035 $a(oapen)doab56412 035 $a(EXLCZ)994920000000095157 100 $a20202102d2019 |y 0 101 0 $aeng 135 $aurmn|---annan 181 $ctxt$2rdacontent 182 $cc$2rdamedia 183 $acr$2rdacarrier 200 00$aPleiotropic Action of Selenium in the Prevention and Treatment of Cancer, and Related Diseases 210 $cMDPI - Multidisciplinary Digital Publishing Institute$d2019 215 $a1 online resource (166 p.) 311 08$a3-03897-692-X 330 $aThis book will cover topics related to the preparation and use of heterogeneous catalytic systems for the transformation of renewable sources, as well as of materials deriving from agro-industrial wastes and by-products. At the same time, the ever-increasing importance of bioproducts, due to the acceptance and request of consumers, makes the upgrade of biomass into chemicals and materials not only an environmental issue, but also an economical advantage. 606 $aBiology, life sciences$2bicssc 610 $aanticancer 610 $aanticancer agent 610 $aantitumor activity 610 $aapoptosis 610 $acancer 610 $acancer stem cells 610 $acell plasticity 610 $achemotherapeutics 610 $aclear cell renal cell carcinoma 610 $aclear-cell renal cell carcinoma microRNAs 610 $adisease 610 $aDNA damage 610 $aDNA damage and repair 610 $aEMT 610 $aentosis 610 $aepigenetics 610 $aER stress 610 $aglutathione 610 $ahead and neck cancer 610 $aHIF 610 $ahSP56 610 $ahypoxia 610 $ahypoxia-inducible factor 610 $ahypoxia-inducible factors (HIFs) 610 $aimmune evasion 610 $aisoselenourea 610 $alipid peroxidation 610 $amalignant 610 $amelanoma 610 $amethylseleninic acid 610 $amethylselenocysteine 610 $amethylselenoesters 610 $amiRNA 610 $amTOR inhibitors 610 $aPD-L1 610 $aradiation 610 $aSBP1 610 $aSe-containing nanoparticles 610 $aSELENBP1 610 $aselenium 610 $aselenium species 610 $aselenium-binding protein 1 610 $aseleno-l-methionine 610 $aSTAT3 610 $atocopherol 610 $atumor heterogeneity 610 $atumor microenvironment 610 $aVEGF 610 $aviability 615 7$aBiology, life sciences 700 $aRustum$b Youcef M$4auth$01281244 906 $aBOOK 912 $a9910346851003321 996 $aPleiotropic Action of Selenium in the Prevention and Treatment of Cancer, and Related Diseases$93018417 997 $aUNINA